The World of the Amphibians (Record no. 596477)

MARC details
000 -LEADER
fixed length control field 00385nam a2200145Ia 4500
008 - FIXED-LENGTH DATA ELEMENTS--GENERAL INFORMATION
fixed length control field 100415s9999 xx 000 0 und d
082 ## - DEWEY DECIMAL CLASSIFICATION NUMBER
Item number 13563
Classification number 597.6
100 ## - MAIN ENTRY--PERSONAL NAME
Personal name Sergeev BF
245 ## - TITLE STATEMENT
Title The World of the Amphibians
260 ## - PUBLICATION, DISTRIBUTION, ETC. (IMPRINT)
Place of publication, distribution, etc MOSCOW
Date of publication, distribution, etc 1983
Name of publisher, distributor, etc MIR PUBLISHERS
365 ## - TRADE PRICE
Price amount 6.5
630 ## - SUBJECT ADDED ENTRY--UNIFORM TITLE
Uniform title The World of the Amphibians
730 ## - ADDED ENTRY--UNIFORM TITLE
Uniform title The World of the Amphibians
942 ## - ADDED ENTRY ELEMENTS (KOHA)
Koha item type Book
Holdings
Withdrawn status Lost status Damaged status Not for loan Home library Current library Date acquired Cost, normal purchase price Total Checkouts Full call number Barcode Date last seen Price effective from Koha item type
        Bombay Natural History Society Bombay Natural History Society 08/04/1997 6.50   597.6 13563 BNHS-13563 04/15/2010 04/15/2010 Book